[Event "5th Karpov Trophy Prelim"]
[Site "Cap d'Agde FRA"]
[Date "2016.10.25"]
[EventDate "2016.10.21"]
[Round "9.4"]
[Result "0-1"]
[White "Anna Muzychuk"]
[Black "Marie Sebag"]
[WhiteElo "2561"]
[BlackElo "2488"]
[PlyCount "154"]

1. c4 c6 2. d4 d5 3. Nf3 Nf6 4. Nc3 e6 5. e3 Nbd7 6. Qc2 Bd6
7. Bd3 O-O 8. O-O e5 9. cxd5 cxd5 10. e4 exd4 11. Nxd5 Nxd5
12. exd5 h6 13. Nxd4 Qh4 14. Nf3 Qh5 15. Bh7+ Kh8 16. Qf5 Qxf5
17. Bxf5 Nf6 18. Bxc8 Rfxc8 19. Rd1 Rd8 20. Be3 Be7 21. d6
Rxd6 22. Rxd6 Bxd6 23. Rd1 Ne8 24. g3 Kg8 25. Kg2 a6 26. Nd4
Be5 27. Nf5 Nf6 28. f4 Bxb2 29. Rb1 Bc3 30. Rb3 Nd5 31. Rxb7
Nxe3+ 32. Nxe3 Rd8 33. Rb3 Rd2+ 34. Kf3 Bf6 35. Ra3 Rd6
36. Ra5 g6 37. Nd5 Bd8 38. Rc5 Kg7 39. Ke4 Bb6 40. Rc2 Re6+
41. Kf3 Bd4 42. Rd2 Bf6 43. h4 h5 44. f5 Rc6 45. fxg6 fxg6
46. Rd3 Rc2 47. Ra3 Rc6 48. Rb3 Be5 49. Rb7+ Kf8 50. a4 Rd6
51. Ne3 Rf6+ 52. Kg2 Bd4 53. Nd5 Rf2+ 54. Kh3 Be5 55. Rb6 Kf7
56. Nf4 Bxf4 57. gxf4 Rf3+ 58. Kg2 Rxf4 59. Rxa6 Rxh4 60. Kg3
Rc4 61. Kf3 h4 62. a5 Kg7 63. Ra8 Ra4 64. a6 Kh6 65. a7 Kg5
66. Kg2 Ra3 67. Kh2 Ra2+ 68. Kh3 Ra4 69. Kh2 Ra6 70. Kh3 Ra2
71. Rb8 Ra3+ 72. Kh2 Rxa7 73. Rb5+ Kg4 74. Rb4+ Kh5 75. Rc4 g5
76. Rb4 Ra2+ 77. Kh3 g4+ 0-1

[Event "5th Karpov Trophy Prelim"]
[Site "Cap d'Agde FRA"]
[Date "2016.10.25"]
[EventDate "2016.10.21"]
[Round "10.2"]
[Result "0-1"]
[White "Marie Sebag"]
[Black "Etienne Bacrot"]
[WhiteElo "2488"]
[BlackElo "2692"]
[PlyCount "70"]

1. e4 c5 2. Nf3 d6 3. d4 cxd4 4. Qxd4 a6 5. h3 Nf6 6. c4 e6
7. Nc3 Be7 8. Be2 Qc7 9. O-O Nbd7 10. b3 b6 11. Bb2 Bb7
12. Rfe1 O-O 13. Bf1 Rac8 14. Rad1 Rfd8 15. Qe3 Bf8 16. Bd3
Qb8 17. Nd4 Ba8 18. Kh1 Re8 19. Bb1 e5 20. Nf5 b5 21. Bd3 bxc4
22. Bxc4 Rxc4 23. bxc4 Qxb2 24. Nxd6 Re6 25. Rb1 Qa3 26. Nb7
Bxb7 27. Rxb7 Bc5 28. Qd2 Bxf2 29. Qxf2 Qxc3 30. Rd1 h6
31. Rbxd7 Nxd7 32. Rxd7 Qc1+ 33. Kh2 Rf6 34. Qg3 Rf1 35. Qxe5
Qe1 0-1

[Event "5th Karpov Trophy Prelim"]
[Site "Cap d'Agde FRA"]
[Date "2016.10.27"]
[EventDate "2016.10.21"]
[Round "13.4"]
[Result "1/2-1/2"]
[White "Dronavalli Harika"]
[Black "Marie Sebag"]
[WhiteElo "2528"]
[BlackElo "2488"]
[PlyCount "174"]

1. c4 c6 2. Nf3 d5 3. e3 Nf6 4. Nc3 e6 5. d4 Nbd7 6. Bd3 dxc4
7. Bxc4 b5 8. Bd3 Bd6 9. Bd2 Bb7 10. Rc1 Rc8 11. O-O O-O
12. a3 a5 13. e4 e5 14. dxe5 Nxe5 15. Nxe5 Bxe5 16. Qe2 Re8
17. Rfd1 Qd6 18. g3 Qe7 19. f3 Qe6 20. Be3 h5 21. Qf2 Rcd8
22. Bf1 Rxd1 23. Nxd1 Rd8 24. Nc3 Nd7 25. Rc2 b4 26. axb4 axb4
27. Ne2 c5 28. Nf4 Bxf4 29. Bxf4 Ba6 30. Bxa6 Qxa6 31. Rd2 Qc8
32. b3 Nf8 33. Be3 Ne6 34. f4 c4 35. f5 Rxd2 36. Bxd2 Nc5
37. Bxb4 Nxe4 38. Qe3 Qxf5 39. bxc4 Ng5 40. Bd2 Nf3+ 41. Kg2
Nxd2 42. Qxd2 Qe4+ 43. Kg1 Qxc4 44. h4 Qg4 45. Kh2 Kh7
46. Qc2+ Qg6 47. Qd2 Qe4 48. Qf2 f6 49. Qd2 Kg6 50. Qf2 Qd3
51. Qb2 Qe4 52. Qf2 Kf7 53. Qa2+ Qe6 54. Qc2 Qd5 55. Qc7+ Kg6
56. Qc2+ Kh6 57. Qb2 Qe5 58. Qc1+ g5 59. hxg5+ fxg5 60. Qc6+
Kg7 61. Qd7+ Kg6 62. Qc6+ Qf6 63. Qe8+ Kh6 64. Qe3 Kg7 65. Kg1
Kf7 66. Qe2 Qb6+ 67. Kg2 Qc6+ 68. Kg1 Kg6 69. Qd3+ Kh6 70. Qe3
Qd5 71. Qc3 Kg6 72. Qc2+ Kf6 73. Kh2 Qe5 74. Qc6+ Kf5 75. Qc8+
Ke4 76. Qb7+ Ke3 77. Qa7+ Ke2 78. Qa2+ Ke1 79. Qb1+ Kf2
80. Qg1+ Ke2 81. Qg2+ Ke3 82. Qg1+ Kd3 83. Qd1+ Ke3 84. Qe1+
Kd4 85. Qd1+ Ke4 86. Qe2+ Kf5 87. Qxh5 Qe6 1/2-1/2

[Event "5th Karpov Trophy Prelim"]
[Site "Cap d'Agde FRA"]
[Date "2016.10.27"]
[EventDate "2016.10.21"]
[Round "14.4"]
[Result "1-0"]
[White "Marie Sebag"]
[Black "Matthieu Cornette"]
[WhiteElo "2488"]
[BlackElo "2599"]
[PlyCount "83"]

1. e4 d6 2. d4 Nf6 3. Nc3 e5 4. Nf3 Nbd7 5. Bc4 Be7 6. O-O O-O
7. Re1 a6 8. a4 b6 9. Ne2 Bb7 10. Ng3 exd4 11. Nxd4 Re8
12. Bf4 Bf8 13. Bd3 g6 14. Nb3 Bg7 15. h3 Ne5 16. Qd2 c5
17. Bf1 Qc7 18. Bh6 Rad8 19. Bxg7 Kxg7 20. Qg5 Ng8 21. f4 h6
22. Qh4 Nc6 23. c3 Nf6 24. Nd2 Nb8 25. Bd3 Bc6 26. Re2 b5
27. axb5 axb5 28. Rae1 Nbd7 29. Nf3 Nf8 30. e5 dxe5 31. fxe5
Ng8 32. Be4 Bd7 33. Rf1 Ne6 34. Ref2 Rf8 35. Bd5 f5 36. exf6+
Nxf6 37. Bxe6 Bxe6 38. Nd4 cxd4 39. Rxf6 Qd7 40. Rxf8 Rxf8
41. Rxf8 Kxf8 42. Qxh6+ 1-0

[Event "TOP 12 Feminin GpA"]
[Site "Mulhouse FRA"]
[Date "2017.05.06"]
[EventDate "2017.05.05"]
[Round "2.1"]
[Result "1/2-1/2"]
[White "Ana Matnadze"]
[Black "Marie Sebag"]
[WhiteElo "2413"]
[BlackElo "2488"]
[PlyCount "48"]

1. d4 d5 2. Nf3 Nf6 3. g3 Bf5 4. Bg2 e6 5. O-O c6 6. c4 Nbd7
7. Qb3 Qb6 8. Nc3 h6 9. Re1 Be7 10. c5 Qc7 11. Bf4 Qc8 12. Nd2
O-O 13. e4 dxe4 14. Ndxe4 Nxe4 15. Nxe4 Bxe4 16. Bxe4 Nf6
17. Bc2 Nd5 18. Qd3 f5 19. Bb3 Qd7 20. Qe2 Rf6 21. Be5 Rf7
22. Bf4 Rf6 23. Be5 Rf7 24. Bf4 Rf6 1/2-1/2

[Event "TOP 12 Feminin GpA"]
[Site "Mulhouse FRA"]
[Date "2017.05.07"]
[EventDate "2017.05.05"]
[Round "3.3"]
[Result "1/2-1/2"]
[White "Marie Sebag"]
[Black "Pia Cramling"]
[WhiteElo "2488"]
[BlackElo "2447"]
[PlyCount "37"]

1. e4 c5 2. c3 d5 3. exd5 Qxd5 4. d4 Nc6 5. Nf3 Bf5 6. Be3 Nf6
7. Na3 e6 8. dxc5 O-O-O 9. Nc4 Ng4 10. b4 Be7 11. Be2 Be4
12. Qb3 Nxe3 13. Nxe3 Qxb3 14. axb3 Bf6 15. Rc1 Bxf3 16. gxf3
Ne5 17. Nc4 Nxc4 18. Bxc4 Rd7 19. O-O 1/2-1/2

[Event "TOP 12 Feminin GpA"]
[Site "Mulhouse FRA"]
[Date "2017.05.08"]
[EventDate "2017.05.05"]
[Round "5.2"]
[Result "1-0"]
[White "Marie Sebag"]
[Black "Judith Fuchs"]
[WhiteElo "2488"]
[BlackElo "2275"]
[PlyCount "127"]

1. e4 c5 2. c3 Nf6 3. e5 Nd5 4. d4 cxd4 5. Nf3 Nc6 6. cxd4 d6
7. Bc4 Nb6 8. Bb5 dxe5 9. Nxe5 Bd7 10. Nxd7 Qxd7 11. Nc3 e6
12. O-O Be7 13. Qg4 O-O 14. Bxc6 bxc6 15. Bh6 Bf6 16. Rfd1 Kh8
17. Ne4 Qe7 18. Bg5 Bxg5 19. Qxg5 Qxg5 20. Nxg5 Nd5 21. Rac1
Rab8 22. Rd2 Rb6 23. Nf3 Rc8 24. Ne5 Kg8 25. a3 g6 26. g3 Kg7
27. b4 Ne7 28. Rc5 Rb5 29. Rdc2 Rxc5 30. Rxc5 f6 31. Nf3 Rd8
32. Ra5 Rd7 33. Nd2 e5 34. Nb3 exd4 35. Kf1 Nc8 36. Rc5 Rd6
37. Ke2 d3+ 38. Kd2 Kf7 39. Rc3 Nb6 40. Na5 Ke6 41. Nxc6 Na4
42. Rc1 a6 43. Na5 Kd7 44. Nc4 Rd5 45. Ne3 Rd4 46. Rc4 Rd6
47. h4 h5 48. Re4 f5 49. Re5 Nb6 50. Rc5 f4 51. gxf4 Rd4
52. f5 gxf5 53. Rxf5 Rxh4 54. Kxd3 Kc6 55. Rc5+ Kb7 56. Nf5
Rh3+ 57. Ne3 Rh4 58. Rf5 Kc6 59. f4 Rh1 60. Rc5+ Kb7 61. Ke4
Ra1 62. Rxh5 Rxa3 63. Rh7+ Kc6 64. Rh6+ 1-0

[Event "ch-EUR Women Rapid"]
[Site "Monaco MNC"]
[Date "2017.10.21"]
[EventDate "2017.10.21"]
[Round "1.9"]
[Result "1-0"]
[White "Marie Sebag"]
[Black "Triin Narva"]
[WhiteElo "2495"]
[BlackElo "2127"]
[PlyCount "73"]

1. e4 d6 2. d4 Nf6 3. Nc3 e5 4. Nf3 Nbd7 5. Bc4 Be7 6. O-O O-O
7. Re1 c6 8. a4 b6 9. h3 a6 10. Be3 Rb8 11. Ba2 b5 12. axb5
axb5 13. b4 Qc7 14. Qd3 exd4 15. Nxd4 Ne5 16. Qe2 d5 17. exd5
Bxb4 18. Bd2 Re8 19. Ncxb5 cxb5 20. Bxb4 Bd7 21. d6 Qb6
22. Qd2 Rbc8 23. c3 Nc4 24. Bxc4 bxc4 25. Rxe8+ Rxe8 26. Qa2
Rc8 27. Qa7 Qxa7 28. Rxa7 Rd8 29. Rc7 Ne4 30. Rxc4 f5 31. Rc7
g6 32. c4 Nf6 33. Nc6 Ra8 34. Bc3 Bxc6 35. Bxf6 Ba4 36. d7 Rf8
37. d8=Q 1-0

[Event "ch-EUR Women Rapid"]
[Site "Monaco MNC"]
[Date "2017.10.21"]
[EventDate "2017.10.21"]
[Round "2.9"]
[Result "0-1"]
[White "Naira Agababean"]
[Black "Marie Sebag"]
[WhiteElo "2161"]
[BlackElo "2495"]
[PlyCount "139"]

1. d4 d5 2. c4 c6 3. Nc3 Nf6 4. Nf3 e6 5. e3 Nbd7 6. Be2 dxc4
7. Bxc4 b5 8. Bd3 Bd6 9. O-O O-O 10. a3 a5 11. Bd2 Bb7 12. Re1
b4 13. Ne2 c5 14. Ng3 Rc8 15. axb4 axb4 16. Qe2 cxd4 17. exd4
Nd5 18. Ne5 Bxe5 19. dxe5 Nc5 20. Bc4 Qb6 21. Nh5 Ne7 22. b3
Ng6 23. Ng3 Nd7 24. Qh5 Rc5 25. Qg5 Ndxe5 26. Qe3 Nxc4
27. bxc4 Qc6 28. f3 Rxc4 29. Reb1 Qb5 30. Ne2 Rfc8 31. h3 h6
32. Nc3 Qf5 33. Na4 Rc2 34. Rxb4 Rd8 35. Rd4 Rxd4 36. Qxd4 Qd5
37. Qxd5 Bxd5 38. Be3 f5 39. Nb6 Bc6 40. Ra7 f4 41. Bd4 e5
42. Bf2 e4 43. fxe4 Bxe4 44. Nd7 Rd2 45. Nc5 Bd5 46. Rd7 Ne5
47. Rd8+ Kf7 48. Ne4 Rd1+ 49. Kh2 Bb3 50. Rxd1 Bxd1 51. Bd4
Ke6 52. Nf2 Be2 53. Kg1 Kf5 54. Bc3 g5 55. Ba1 h5 56. Bc3 Nc4
57. Ba1 Ne3 58. Bd4 Nc2 59. Bc3 Ba6 60. Bb2 Bb7 61. Nd1 Ne1
62. g3 fxg3 63. Bc1 Nf3+ 64. Kf1 h4 65. Ne3+ Kg6 66. Ng4 Nh2+
67. Kg1 Nxg4 68. hxg4 Bf3 69. Kf1 h3 70. Ke1 0-1

[Event "ch-EUR Women Rapid"]
[Site "Monaco MNC"]
[Date "2017.10.21"]
[EventDate "2017.10.21"]
[Round "3.8"]
[Result "1-0"]
[White "Marie Sebag"]
[Black "Klaudia Kulon"]
[WhiteElo "2495"]
[BlackElo "2358"]
[PlyCount "133"]

1. e4 e5 2. Nf3 Nc6 3. Bb5 a6 4. Ba4 d6 5. Bxc6+ bxc6 6. d4 f6
7. c4 Be6 8. Qa4 exd4 9. Nxd4 Bd7 10. Qc2 c5 11. Ne2 g6 12. b3
Bg7 13. Bb2 Ne7 14. O-O O-O 15. f4 Nc6 16. Nd2 Bg4 17. Ng3 h5
18. h3 Bd7 19. Nf3 Qe8 20. Rae1 Qf7 21. e5 Rfe8 22. exd6 cxd6
23. Rd1 Bf8 24. Qc3 a5 25. Qxf6 Qxf6 26. Bxf6 a4 27. f5 Bxf5
28. Nxf5 gxf5 29. Nh4 axb3 30. axb3 Re6 31. Rxf5 Ra3 32. Rf3
Bh6 33. Bb2 Ra2 34. Bc3 Nd4 35. Bxd4 cxd4 36. Nf5 Be3+ 37. Kf1
Rf6 38. Nxd4 Rxf3+ 39. Nxf3 Rf2+ 40. Ke1 Rxg2 41. Rxd6 Rb2
42. Rd3 Bc5 43. Ng5 Bb4+ 44. Kf1 Kg7 45. Ne4 Kg6 46. Rf3 Kg7
47. c5 Rc2 48. Rf5 h4 49. Rh5 Rb2 50. c6 Rc2 51. Rb5 Be7
52. Rb7 Kf7 53. Nd6+ Ke6 54. Nc4 Bc5 55. Rh7 Rf2+ 56. Ke1 Rf8
57. Ke2 Kd5 58. c7 Kc6 59. Ne5+ Kd6 60. Nd7 Re8+ 61. Kd3 Bf2
62. Nf6 Rc8 63. Ne4+ Kc6 64. Nxf2 Kb7 65. Kc4 Rf8 66. Nd3 Rf3
67. Rxh4 1-0

[Event "ch-EUR Women Rapid"]
[Site "Monaco MNC"]
[Date "2017.10.21"]
[EventDate "2017.10.21"]
[Round "4.2"]
[Result "1/2-1/2"]
[White "Kateryna Lahno"]
[Black "Marie Sebag"]
[WhiteElo "2541"]
[BlackElo "2495"]
[PlyCount "62"]

1. e4 c5 2. Nf3 d6 3. d4 cxd4 4. Nxd4 Nf6 5. Nc3 a6 6. a3 g6
7. Be3 Bg7 8. f3 Nc6 9. Qd2 O-O 10. O-O-O d5 11. exd5 Nxd5
12. Nxc6 bxc6 13. Bd4 e5 14. Bc5 Be6 15. Ne4 Re8 16. h4 h6
17. g4 Qc7 18. g5 h5 19. Qe1 Red8 20. Rh2 a5 21. Rhd2 a4
22. c4 Nf4 23. Rxd8+ Rxd8 24. Rxd8+ Qxd8 25. Qd2 Qc8 26. Qd6
Bh3 27. Bxh3 Qxh3 28. Nf6+ Bxf6 29. Qf8+ Kh7 30. Qh6+ Kg8
31. Qf8+ Kh7 1/2-1/2

[Event "ch-EUR Women Rapid"]
[Site "Monaco MNC"]
[Date "2017.10.21"]
[EventDate "2017.10.21"]
[Round "5.2"]
[Result "1/2-1/2"]
[White "Marie Sebag"]
[Black "Anna Muzychuk"]
[WhiteElo "2495"]
[BlackElo "2576"]
[PlyCount "72"]

1. e4 c5 2. Nf3 Nc6 3. c3 Nf6 4. e5 Nd5 5. d4 cxd4 6. cxd4 d6
7. Bc4 dxe5 8. dxe5 Ndb4 9. Qxd8+ Kxd8 10. Na3 Bg4 11. Bf4 e6
12. Ng5 Ke8 13. O-O Rd8 14. Rfe1 Nd3 15. Bxd3 Rxd3 16. Ne4 Bb4
17. Re3 Rxe3 18. Bxe3 Nxe5 19. Bxa7 Nc6 20. Bc5 Bxc5 21. Nxc5
Ke7 22. f3 Bf5 23. Rc1 Rb8 24. Nb5 Nb4 25. Ne4 Bxe4 26. Rc7+
Kf6 27. fxe4 Nxa2 28. Nd6 b5 29. Nxf7 Nb4 30. g4 Nd3 31. h4 h6
32. b3 g5 33. h5 Ne5 34. Nxe5 Kxe5 35. Rh7 Kxe4 36. Rxh6 Kf4
1/2-1/2

[Event "ch-EUR Women Rapid"]
[Site "Monaco MNC"]
[Date "2017.10.22"]
[EventDate "2017.10.21"]
[Round "6.5"]
[Result "1/2-1/2"]
[White "Deimante Cornette"]
[Black "Marie Sebag"]
[WhiteElo "2404"]
[BlackElo "2495"]
[PlyCount "105"]

1. e4 c5 2. Nf3 d6 3. d4 cxd4 4. Qxd4 Nf6 5. Bg5 Nc6 6. Bb5
Qa5+ 7. Nc3 Qxb5 8. Nxb5 Nxd4 9. Nfxd4 Nxe4 10. Nc7+ Kd8
11. Nxa8 Nxg5 12. Nb5 a6 13. Nd4 b5 14. a4 bxa4 15. Nb6 Bb7
16. f3 e5 17. h4 Ne6 18. Nxe6+ fxe6 19. Nxa4 Be7 20. O-O-O Kc7
21. Nc3 Rf8 22. Ne4 h6 23. Ng3 d5 24. Nh5 g6 25. Ng3 h5
26. Ne2 Bc6 27. Rdf1 Bc5 28. Kd2 a5 29. Rh3 e4 30. f4 d4
31. Rg3 e3+ 32. Kd1 Be4 33. Rg5 Bf5 34. Ng3 Bg4+ 35. Ne2 Bf5
36. Ng3 Bg4+ 37. Ne2 Bb4 38. Rxg4 hxg4 39. Nxd4 Rd8 40. c3 Bc5
41. Ke2 Bxd4 42. cxd4 Rxd4 43. Kxe3 Rb4 44. Rf2 a4 45. Kd3 Kd6
46. Kc3 Kc5 47. Re2 Rb3+ 48. Kc2 Rg3 49. Rxe6 Rxg2+ 50. Kc3
Rg3+ 51. Kc2 Rg2+ 52. Kc3 Rg3+ 53. Kc2 1/2-1/2

[Event "ch-EUR Women Rapid"]
[Site "Monaco MNC"]
[Date "2017.10.22"]
[EventDate "2017.10.21"]
[Round "7.6"]
[Result "0-1"]
[White "Marie Sebag"]
[Black "Pauline Guichard"]
[WhiteElo "2495"]
[BlackElo "2285"]
[PlyCount "84"]

1. e4 g6 2. d4 Bg7 3. Nc3 d6 4. Be3 a6 5. Bd3 b5 6. h3 Bb7
7. a4 b4 8. Nce2 Nf6 9. Ng3 h5 10. f3 h4 11. Nf1 Nbd7 12. c3
bxc3 13. bxc3 c5 14. Ne2 Rb8 15. Nd2 Nh5 16. O-O Bh6 17. Bxh6
Rxh6 18. Nc4 Kf8 19. Qd2 Kg7 20. d5 Bc8 21. a5 Ne5 22. Nb6 Ng3
23. Nxg3 hxg3 24. f4 Nxd3 25. Qxd3 Bxh3 26. Qxg3 Bc8 27. c4
Qh8 28. e5 Bf5 29. Rfe1 dxe5 30. fxe5 Rh1+ 31. Kf2 Rh4 32. e6
f6 33. Re3 Rg4 34. Qc7 Re8 35. Rg3 Qh4 36. Ra3 Rf4+ 37. Kg1
Rd4 38. Qxc5 Rd1+ 39. Kf2 Qh1 40. Rge3 Qg1+ 41. Kg3 Rd2
42. Kf4 Qf2+ 0-1

[Event "ch-EUR Women Rapid"]
[Site "Monaco MNC"]
[Date "2017.10.22"]
[EventDate "2017.10.21"]
[Round "8.10"]
[Result "0-1"]
[White "Nino Maisuradze"]
[Black "Marie Sebag"]
[WhiteElo "2240"]
[BlackElo "2495"]
[PlyCount "101"]

1. d4 d5 2. Nf3 Nf6 3. Bf4 e6 4. e3 c5 5. c3 Nc6 6. Nbd2 Bd6
7. Bg3 O-O 8. Bd3 Qe7 9. Ne5 Nd7 10. Nxd7 Qxd7 11. Bxd6 Qxd6
12. dxc5 Qc7 13. b4 b6 14. cxb6 axb6 15. Qb3 Ne5 16. Be2 Bd7
17. O-O b5 18. e4 Bc6 19. f4 Qb6+ 20. Kh1 Qe3 21. fxe5 Qxd2
22. Qd1 Rxa2 23. Rxa2 Qxa2 24. exd5 Bxd5 25. Bf3 Rd8 26. Bxd5
Qxd5 27. Qe2 h6 28. h3 Qd3 29. Qxd3 Rxd3 30. Rc1 Re3 31. c4
bxc4 32. Rxc4 Rxe5 33. Rc1 Kf8 34. Kg1 Ke7 35. Rc7+ Kf6
36. Rb7 Re2 37. b5 Rb2 38. b6 h5 39. Rb8 e5 40. b7 Kf5 41. Rh8
f6 42. h4 Rxb7 43. Rxh5+ Kg4 44. Rh7 Kg3 45. Kf1 f5 46. h5 f4
47. h6 Rb1+ 48. Ke2 Rb2+ 49. Kf1 gxh6 50. Rxh6 Rf2+ 51. Kg1
0-1

[Event "ch-EUR Women Rapid"]
[Site "Monaco MNC"]
[Date "2017.10.22"]
[EventDate "2017.10.21"]
[Round "9.7"]
[Result "1/2-1/2"]
[White "Marie Sebag"]
[Black "Alina Kashlinskaya"]
[WhiteElo "2495"]
[BlackElo "2455"]
[PlyCount "87"]

1. e4 e6 2. d4 d5 3. Nd2 c5 4. exd5 Qxd5 5. Ngf3 cxd4 6. Bc4
Qd7 7. Nb3 Nc6 8. Nbxd4 Nxd4 9. Qxd4 Qxd4 10. Nxd4 Nf6 11. Nb5
Bb4+ 12. c3 Ba5 13. Be3 a6 14. Nd6+ Kf8 15. O-O Bc7 16. Rad1
Ne8 17. Nxc8 Rxc8 18. Be2 Bd6 19. Bf3 Rc7 20. Bb6 Rd7 21. c4
Ke7 22. c5 Bc7 23. Rxd7+ Kxd7 24. Bxb7 Bxb6 25. cxb6 Nd6
26. Bxa6 Rb8 27. b3 Rxb6 28. Bd3 e5 29. f3 f5 30. Rc1 e4
31. fxe4 fxe4 32. Be2 Ke6 33. Rc5 g6 34. g4 Rb4 35. Kf2 h5
36. gxh5 gxh5 37. Bxh5 e3+ 38. Kxe3 Rh4 39. Bf3 Nf5+ 40. Kd3
Rh3 41. Ke4 Rh4+ 42. Kd3 Rh3 43. Ke4 Rh4+ 44. Kd3 1/2-1/2

[Event "ch-EUR Women Rapid"]
[Site "Monaco MNC"]
[Date "2017.10.22"]
[EventDate "2017.10.21"]
[Round "10.8"]
[Result "1/2-1/2"]
[White "Silvia (Aleksieva) Collas"]
[Black "Marie Sebag"]
[WhiteElo "2288"]
[BlackElo "2495"]
[PlyCount "124"]

1. c4 c6 2. Nf3 d5 3. e3 Nf6 4. Nc3 e6 5. b3 Nbd7 6. Qc2 Bd6
7. Bb2 a6 8. d4 O-O 9. Bd3 e5 10. cxd5 cxd5 11. dxe5 Nxe5
12. Nxe5 Bxe5 13. Ne2 Bd6 14. O-O h6 15. Bf5 Be6 16. Nd4 Qe7
17. Rac1 Rad8 18. h3 Rfe8 19. Qd3 Bb8 20. Rfd1 Qd6 21. Nf3 Ne4
22. Qd4 Qf8 23. Bxe6 fxe6 24. Qb6 Qf7 25. Rc2 Rc8 26. Rdc1
Rxc2 27. Rxc2 e5 28. Qa5 Nf6 29. b4 Qg6 30. Qa4 Qd3 31. Rd2
Qb1+ 32. Qd1 Qe4 33. a3 Rc8 34. Rd3 b5 35. Rc3 Rxc3 36. Bxc3
Kf7 37. Bb2 Ke6 38. Nd2 Qd3 39. Qc1 Bd6 40. Nf3 Qc4 41. Qd1 g5
42. Ne1 g4 43. hxg4 Qxg4 44. Qd2 h5 45. f3 Qc4 46. Nd3 h4
47. Nf2 Qb3 48. Nh3 Kd7 49. f4 Ne4 50. Qc1 exf4 51. Nxf4 Bxf4
52. exf4 Ng3 53. Qd2 Qc4 54. Qf2 Ne2+ 55. Kh1 Qe4 56. Qa7+ Ke8
57. Qb8+ Kf7 58. Qc7+ Ke8 59. Qc6+ Ke7 60. Qc7+ Ke8 61. Qc8+
Ke7 62. Qc7+ Ke8 1/2-1/2

[Event "ch-EUR Women Rapid"]
[Site "Monaco MNC"]
[Date "2017.10.22"]
[EventDate "2017.10.21"]
[Round "11.8"]
[Result "0-1"]
[White "Marie Sebag"]
[Black "Anna Gvanceladze"]
[WhiteElo "2495"]
[BlackElo "2296"]
[PlyCount "140"]

1. e4 c6 2. d4 d5 3. e5 c5 4. dxc5 Nc6 5. Nf3 Bg4 6. Bb5 e6
7. O-O Bxc5 8. a3 Ne7 9. b4 Bb6 10. Bb2 O-O 11. h3 Bxf3
12. Qxf3 Nd4 13. Qd3 Nxb5 14. Qxb5 Rc8 15. Qe2 Nf5 16. c3 Ng3
17. Qd3 Nxf1 18. Kxf1 Qh4 19. Qe2 Qc4 20. Nd2 Qxe2+ 21. Kxe2
f6 22. exf6 Rxf6 23. f3 Rf7 24. a4 a6 25. a5 Ba7 26. Kd3 Rfc7
27. Re1 Kf7 28. f4 Bb8 29. Nf3 h6 30. Ne5+ Kg8 31. g3 Re7
32. Nf3 Kf7 33. h4 Ba7 34. Ne5+ Kg8 35. Re2 Bb8 36. Nf3 Rce8
37. c4 dxc4+ 38. Kxc4 Rc8+ 39. Kb3 Kf7 40. Rd2 Ke8 41. Bd4 Rd8
42. Re2 Kf7 43. Re4 Red7 44. h5 Rc8 45. g4 Rc1 46. g5 Rf1
47. g6+ Ke7 48. Bc5+ Bd6 49. Nd4 Bxc5 50. bxc5 Rd5 51. Nxe6
Kd7 52. Kc4 Rxh5 53. Nxg7 Rc1+ 54. Kd3 Rhxc5 55. f5 R1c3+
56. Kd4 R3c4+ 57. Kd3 Rxe4 58. Kxe4 Rxa5 59. f6 Ra1 60. f7 Ke7
61. Nf5+ Kf8 62. Ke5 Rb1 63. Ke6 Rb6+ 64. Nd6 Rc6 65. g7+ Kxg7
66. Ke7 Rc7+ 67. Ke8 Rxf7 68. Nxf7 a5 69. Ne5 a4 70. Kd7 a3
0-1

[Event "ch-EUR Women Blitz"]
[Site "Monaco MNC"]
[Date "2017.10.23"]
[EventDate "2017.10.23"]
[Round "1.5"]
[Result "1-0"]
[White "Marie Sebag"]
[Black "Lomandong Noela-Joyce"]
[WhiteElo "2495"]
[BlackElo "2062"]
[PlyCount "93"]

1. e4 g6 2. d4 Bg7 3. Nc3 c6 4. Nf3 d5 5. h3 dxe4 6. Nxe4 Nf6
7. Bd3 Bf5 8. Nxf6+ Bxf6 9. Bxf5 gxf5 10. Qd3 e6 11. Bf4 Qa5+
12. c3 Nd7 13. b4 Qb6 14. O-O Be7 15. a4 Nf6 16. a5 Qd8
17. Be5 Rg8 18. Bxf6 Bxf6 19. Rfe1 Qd6 20. Qxf5 Qe7 21. Qe4
Rg6 22. a6 Rd8 23. axb7 Qxb7 24. Ra5 Rd5 25. Rea1 Rxa5
26. Rxa5 Qd7 27. Ra6 Kf8 28. Qxc6 Qd8 29. Qd6+ Qxd6 30. Rxd6
Be7 31. Rd7 Ke8 32. Rxa7 Rf6 33. b5 Rf5 34. Ne5 f6 35. Nc6 Bd6
36. c4 e5 37. c5 Bf8 38. b6 exd4 39. b7 Kd7 40. b8=Q+ Kxc6
41. Qxf8 Re5 42. Qd6+ Kb5 43. Qxd4 Re1+ 44. Kh2 Kc6 45. Ra6+
Kb5 46. Rb6+ Ka5 47. Qb4# 1-0

[Event "ch-EUR Women Blitz"]
[Site "Monaco MNC"]
[Date "2017.10.23"]
[EventDate "2017.10.23"]
[Round "2.5"]
[Result "0-1"]
[White "Pia Cramling"]
[Black "Marie Sebag"]
[WhiteElo "2450"]
[BlackElo "2495"]
[PlyCount "89"]

1. d4 d5 2. c4 c6 3. Nf3 Nf6 4. Qc2 g6 5. Bf4 Bg7 6. e3 O-O
7. Be2 c5 8. O-O cxd4 9. Nxd4 Nbd7 10. Bg3 e5 11. Nb3 dxc4
12. Bxc4 Nb6 13. Bxe5 Bf5 14. Qe2 Nxc4 15. Qxc4 Bd3 16. Qc1
Bxf1 17. Qxf1 Re8 18. Bd4 Ne4 19. Bxg7 Kxg7 20. Nd4 Qb6
21. Qe2 Rad8 22. Na3 Nf6 23. Qd2 Ne4 24. Qe2 Nc5 25. Qc2 Ne6
26. Nab5 Nxd4 27. Nxd4 Rc8 28. Qd2 Qf6 29. h3 a6 30. Qb4 Rc7
31. Rd1 Rec8 32. Qd2 b5 33. a3 h5 34. g3 h4 35. g4 Rc4 36. Qe1
b4 37. axb4 Qb6 38. b5 axb5 39. Qe2 Rc1 40. Rxc1 Rxc1+ 41. Kg2
Qb7+ 42. e4 Rc4 43. Qe3 Qd7 44. Nf3 Qc6 45. e5 0-1

[Event "ch-EUR Women Blitz"]
[Site "Monaco MNC"]
[Date "2017.10.23"]
[EventDate "2017.10.23"]
[Round "3.5"]
[Result "0-1"]
[White "Marie Sebag"]
[Black "Klaudia Kulon"]
[WhiteElo "2495"]
[BlackElo "2358"]
[PlyCount "64"]

1. e4 e5 2. Nf3 Nc6 3. Bb5 a6 4. Ba4 Nf6 5. d3 d6 6. O-O b5
7. Bb3 Be7 8. c3 O-O 9. Re1 Na5 10. Bc2 c5 11. Nbd2 g6 12. Nf1
Nh5 13. d4 Qc7 14. b3 cxd4 15. cxd4 Nc6 16. Bh6 Re8 17. Ne3
Bf8 18. Nd5 Qa7 19. Bxf8 Kxf8 20. dxe5 dxe5 21. Qd2 Kg7 22. h3
Be6 23. g4 Nf4 24. Nxf4 exf4 25. Qxf4 Nb4 26. Rac1 Nxa2
27. Rcd1 Nb4 28. Qd2 a5 29. Nd4 Qb6 30. Qc3 Kg8 31. Qd2 Rad8
32. Qe3 Rxd4 0-1

[Event "ch-EUR Women Blitz"]
[Site "Monaco MNC"]
[Date "2017.10.23"]
[EventDate "2017.10.23"]
[Round "4.10"]
[Result "0-1"]
[White "Annmarie Muetsch"]
[Black "Marie Sebag"]
[WhiteElo "2133"]
[BlackElo "2495"]
[PlyCount "45"]

1. e4 c5 2. Nf3 d6 3. d4 cxd4 4. Nxd4 Nf6 5. Nc3 a6 6. Be3 e5
7. Nb3 Be6 8. h3 Nc6 9. f4 exf4 10. Bxf4 Ne5 11. Qe2 Qc7
12. O-O-O Be7 13. g4 Nfd7 14. Nd5 Bxd5 15. exd5 Rc8 16. Kb1
Nb6 17. Bg2 Nbc4 18. Nd4 O-O 19. Bxe5 dxe5 20. Nf5 Bd6
21. Nxd6 Qxd6 22. Be4 Qb6 23. c3 0-1

[Event "ch-EUR Women Blitz"]
[Site "Monaco MNC"]
[Date "2017.10.23"]
[EventDate "2017.10.23"]
[Round "5.6"]
[Result "1/2-1/2"]
[White "Marie Sebag"]
[Black "Silvia (Aleksieva) Collas"]
[WhiteElo "2495"]
[BlackElo "2288"]
[PlyCount "60"]

1. e4 d6 2. d4 Nf6 3. Nc3 e5 4. Nf3 Nbd7 5. Bc4 Be7 6. O-O O-O
7. Re1 a6 8. a4 b6 9. Ne2 Bb7 10. Ng3 g6 11. Bh6 Re8 12. Ng5
d5 13. exd5 Nxd5 14. dxe5 Bxg5 15. Bxg5 Qxg5 16. Bxd5 Bxd5
17. Qxd5 Nxe5 18. Qe4 Qf6 19. Rad1 Kf8 20. Qb4+ Kg7 21. Ne4
Qc6 22. c3 Nc4 23. Ng3 a5 24. Qb3 Rad8 25. h3 Rxd1 26. Rxd1
Ne5 27. Qc2 Re7 28. b3 Rd7 29. c4 Rxd1+ 30. Qxd1 Qc5 1/2-1/2

[Event "ch-EUR Women Blitz"]
[Site "Monaco MNC"]
[Date "2017.10.23"]
[EventDate "2017.10.23"]
[Round "7.7"]
[Result "1-0"]
[White "Marie Sebag"]
[Black "Anna Gvanceladze"]
[WhiteElo "2495"]
[BlackElo "2296"]
[PlyCount "54"]

1. e4 c6 2. d4 d5 3. e5 c5 4. dxc5 Nc6 5. a3 Nxe5 6. b4 g6
7. Bb5+ Bd7 8. Qxd5 Bxb5 9. Qxe5 Nf6 10. Nc3 Bc6 11. Nf3 Bg7
12. Bb2 O-O 13. Rd1 Qc8 14. Qe3 Qg4 15. O-O Rfe8 16. h3 Qh5
17. Ne5 Bh6 18. f4 Bg7 19. b5 Bd7 20. Nxd7 Nxd7 21. Rxd7 Rac8
22. Rd5 Qh4 23. Nd1 Bxb2 24. Nxb2 Qf6 25. Qe5 Qh4 26. Qg5 Qxg5
27. fxg5 Red8 1-0